<?xml version="1.0" encoding="UTF-8"?>
<collection xmlns="http://www.loc.gov/MARC21/slim">
 <record>
  <leader>02775nam a2200277 a 4500</leader>
  <controlfield tag="001">1/51312</controlfield>
  <controlfield tag="008">051123s2005    lu  u pdd     0    0gre  </controlfield>
  <datafield tag="022" ind1="0" ind2=" ">
   <subfield code="a">1016-8060 (print)</subfield>
  </datafield>
  <datafield tag="022" ind1="0" ind2=" ">
   <subfield code="a">1725-3187 (online)</subfield>
  </datafield>
  <datafield tag="024" ind1="0" ind2=" ">
   <subfield code="a">ECFIN/001332/05-EN</subfield>
  </datafield>
  <datafield tag="035" ind1=" " ind2=" ">
   <subfield code="l">33193</subfield>
  </datafield>
  <datafield tag="040" ind1=" " ind2=" ">
   <subfield code="a">GR-PeUP</subfield>
  </datafield>
  <datafield tag="041" ind1="0" ind2=" ">
   <subfield code="a">eng</subfield>
  </datafield>
  <datafield tag="099" ind1=" " ind2="0">
   <subfield code="a">ΚΕΤ Αλφαβητική σειρά</subfield>
  </datafield>
  <datafield tag="100" ind1="1" ind2=" ">
   <subfield code="a">Walkner, Christoph.</subfield>
  </datafield>
  <datafield tag="245" ind1="1" ind2="0">
   <subfield code="a">Integration and consolidation in EU banking :</subfield>
   <subfield code="b">an unfinished business /</subfield>
   <subfield code="c">Walkner Christoph, Raes Jean-Pierre.</subfield>
  </datafield>
  <datafield tag="260" ind1=" " ind2=" ">
   <subfield code="a">Brussels ;</subfield>
   <subfield code="a">Belgium :</subfield>
   <subfield code="b">European Commission: Directorate-General for Economic and Financial Affairs,</subfield>
   <subfield code="c">2005.</subfield>
  </datafield>
  <datafield tag="300" ind1=" " ind2=" ">
   <subfield code="a">48 σ. ;</subfield>
   <subfield code="c">30 εκ.</subfield>
  </datafield>
  <datafield tag="520" ind1="0" ind2=" ">
   <subfield code="a">The objective of this paper is to review the obstacles to cross-border integration and consolidation, which confront banks operating within the EU. Theoretical and empirical evidence supports the view that integration and consolidation in the banking sector can enhance overall economic performance via macroeconomic stabilisation, higher levels of efficiency and consumer welfare. While in recent years only slow progress has been recorded in EU cross-border banking integration, a substantial consolidation in the Member State's national banking sectors has occurred leading to rising domestic concentration ratios implying greater efficiency but potentially limiting welfare gains. The lack of progress in cross-border integration can be attributed to various factors, including national differences in market practices, regulation and taxation. A fairly comprehensive list of existing obstacles is provided and their impact on the main avenues for cross-border banking integration is examined, namely on •	(i) organic growth in the form of foreign branches and subsidiaries, •	(ii) cross-border mergers and acquisitions and •	(iii) cross-border provision of banking services. In addition, the role of institutional factors relating to the framework for prudential supervision is considered, notably in the context of the relationship of home and host country supervisors with each other and with market participants. While the highlighted issues are of general relevance in the context of EU financial integration, they might be of special significance in the context of the recently acceded Member States and their largely foreign owned banking system.</subfield>
  </datafield>
  <datafield tag="580" ind1=" " ind2=" ">
   <subfield code="a">Economic Papers</subfield>
  </datafield>
  <datafield tag="700" ind1="1" ind2=" ">
   <subfield code="a">Raes, Jean-Pierre.</subfield>
  </datafield>
  <datafield tag="710" ind1="2" ind2=" ">
   <subfield code="a">European Commission : Directorate-General for Economic and Financial Affairs.</subfield>
  </datafield>
  <datafield tag="773" ind1="0" ind2=" ">
   <subfield code="a">Economic papers</subfield>
   <subfield code="g">April 2005, No 226.</subfield>
  </datafield>
  <datafield tag="830" ind1=" " ind2=" ">
   <subfield code="a">European Economy. Economic papers ;</subfield>
   <subfield code="v">226.</subfield>
  </datafield>
  <datafield tag="852" ind1=" " ind2=" ">
   <subfield code="a">INST</subfield>
   <subfield code="b">UNIPILB</subfield>
   <subfield code="c">KET</subfield>
   <subfield code="e">20090311</subfield>
   <subfield code="p">EEEP 226</subfield>
   <subfield code="q">EEEP 226</subfield>
   <subfield code="t">NOLOAN</subfield>
   <subfield code="y">23</subfield>
   <subfield code="4">1</subfield>
  </datafield>
  <datafield tag="856" ind1="4" ind2="1">
   <subfield code="u">http://ec.europa.eu/economy_finance/publications/publication_summary670_en.htm</subfield>
  </datafield>
 </record>
</collection>
